শ্রীশ্রী গীতগোবিন্দম্ / (Record no. 39913)
[ view plain ]
| 000 -LEADER | |
|---|---|
| fixed length control field | 01368nam a2200253 a 4500 |
| 001 - CONTROL NUMBER | |
| control field | 39913 |
| 003 - CONTROL NUMBER IDENTIFIER | |
| rucl marc code | BD-RjUL |
| 005 - DATE AND TIME OF LATEST TRANSACTION | |
| control field | 20211209053104.0 |
| 008 - FIXED-LENGTH DATA ELEMENTS--GENERAL INFORMATION | |
| fixed length control field | 160419b1986 ii a|||| |||| 00| 0 ben d |
| 020 ## - INTERNATIONAL STANDARD BOOK NUMBER | |
| Terms of availability | TK. 25.00 |
| 035 ## - SYSTEM CONTROL NUMBER | |
| System control number | (BD-RjUL)40027 |
| 040 ## - CATALOGING SOURCE | |
| Original cataloging agency | BD-RjUL |
| Language of cataloging | ben |
| Transcribing agency | BD-RjUL |
| 041 ## - LANGUAGE CODE | |
| Language code of text/sound track or separate title | ben |
| 082 ## - DEWEY DECIMAL CLASSIFICATION NUMBER | |
| Edition number | 23 |
| Classification number | 891.209 |
| Author mark and year | GOS 1986 |
| 100 ## - MAIN ENTRY--PERSONAL NAME | |
| Personal name | গোস্বা্মী, শ্রীজয়দেব |
| 9 (RLIN) | 122945 |
| 245 10 - TITLE STATEMENT | |
| Title | শ্রীশ্রী গীতগোবিন্দম্ / |
| Statement of responsibility, etc. | শ্রীজয়দেব গোস্বা্মী ; শ্রীনরহরি দাস-কৃ্ত সুললিত পদ্যানুবাদ ; শ্রীবেণীমাধব শীল সম্পাদিত |
| 260 ## - PUBLICATION, DISTRIBUTION, ETC. (IMPRINT) | |
| Place of publication, distribution, etc. | কলিকাতা : |
| Name of publisher, distributor, etc. | অক্ষয় লাইব্রেরী, |
| Date of publication, distribution, etc. | ১৯৮৬ (১৩৯৩) |
| 300 ## - PHYSICAL DESCRIPTION | |
| Pagination | [৪], ১৬৮ পৃ. : |
| Illustrations | চিত্র ; |
| Size | ২১ সেমি. |
| 650 ## - SUBJECT ADDED ENTRY--TOPICAL TERM | |
| Topical term or geographic name as entry element | সংস্কৃত সাহিত্য |
| General subdivision | ইতিহাস ও সমালোচনা |
| 9 (RLIN) | 119695 |
| Topical term or geographic name as entry element | Sanskrit literature |
| General subdivision | History and criticism |
| 9 (RLIN) | 119696 |
| 700 ## - ADDED ENTRY--PERSONAL NAME | |
| Personal name | দাস-কৃ্ত, শ্রীনরহরি, সুললিত পদ্যানুবাদক |
| Personal name | শীল, শ্রীবেণীমাধব, সম্পাদক |
| 942 ## - ADDED ENTRY ELEMENTS (KOHA) | |
| Source of classification or shelving scheme | Dewey Decimal Classification |
| Koha item type | Books |
| Lost status | Source of classification or shelving scheme | Damaged status | Not for loan | Collection code | Permanent Location | Current Location | Shelving location | Date acquired | Source of acquisition | Cost, normal purchase price | Total Checkouts | Full call number | Checked out | Date last seen | Date checked out | Copy number | Koha item type |
|---|---|---|---|---|---|---|---|---|---|---|---|---|---|---|---|---|---|
| Dewey Decimal Classification | Non-fiction | Central Library, University of Rajshahi | Central Library, University of Rajshahi | 27/08/1996 | Uttar Bongo Library, Rajshahi | 35.00 | 1 | B 891.209 GOS 1986 | 08/06/2026 | 12/05/2026 | 12/05/2026 | C-2 | Books |